<?xml version="1.0" encoding="UTF-8"?>
<collection xmlns="http://www.loc.gov/MARC21/slim">
 <record>
  <leader>01158ntm a22002535a 4500</leader>
  <controlfield tag="001">EUN.eunm009288</controlfield>
  <controlfield tag="008">240311s2023####ag#ao####m####000#0#spa#d</controlfield>
  <controlfield tag="005">20240910135334.0</controlfield>
  <datafield tag="245" ind1="1" ind2="0">
   <subfield code="a">Evaluación del modo reproductivo en una población segregante de un cruzamiento entre un genotipo sexual y otro apomíctico de pasto llorón /</subfield>
   <subfield code="c">Mateo Sansot Puleston ; dirección de Diego Carlos Zappacosta.</subfield>
  </datafield>
  <datafield tag="260" ind1=" " ind2=" ">
   <subfield code="c">2023.</subfield>
  </datafield>
  <datafield tag="300" ind1=" " ind2=" ">
   <subfield code="a">27 p. :</subfield>
   <subfield code="b">il., fot. ;</subfield>
   <subfield code="c">30 cm.</subfield>
  </datafield>
  <datafield tag="502" ind1=" " ind2=" ">
   <subfield code="a">Tesis (licenciatura)--Universidad Nacional del Sur. Departamento de Biología, Bioquímica y Farmacia, 2023.</subfield>
  </datafield>
  <datafield tag="500" ind1=" " ind2=" ">
   <subfield code="a">Director de tesis: Diego Carlos Zappacosta.</subfield>
  </datafield>
  <datafield tag="504" ind1=" " ind2=" ">
   <subfield code="a">Bibliografía: p. 25-27.</subfield>
  </datafield>
  <datafield tag="100" ind1="1" ind2=" ">
   <subfield code="a">Sansot Puleston, Mateo.</subfield>
   <subfield code="4">dis</subfield>
  </datafield>
  <datafield tag="700" ind1="1" ind2=" ">
   <subfield code="a">Zappacosta, Diego Carlos.</subfield>
   <subfield code="4">ths</subfield>
  </datafield>
  <datafield tag="710" ind1="2" ind2=" ">
   <subfield code="a">Universidad Nacional del Sur.</subfield>
   <subfield code="b">Departamento de Biología, Bioquímica y Farmacia</subfield>
   <subfield code="4">dgg.</subfield>
  </datafield>
  <datafield tag="082" ind1="0" ind2="4">
   <subfield code="a">633.2</subfield>
   <subfield code="2">21</subfield>
  </datafield>
  <datafield tag="650" ind1=" " ind2="7">
   <subfield code="a">Genotipos.</subfield>
   <subfield code="2">agrovoc</subfield>
  </datafield>
  <datafield tag="650" ind1="1" ind2="7">
   <subfield code="a">Reproducción asexual.</subfield>
   <subfield code="2">agrovoc</subfield>
  </datafield>
  <datafield tag="650" ind1="1" ind2="7">
   <subfield code="a">Eragrostis curvula.</subfield>
   <subfield code="2">agrovoc</subfield>
  </datafield>
  <datafield tag="650" ind1="1" ind2="7">
   <subfield code="a">Ciencias biológicas.</subfield>
   <subfield code="2">unbist</subfield>
  </datafield>
  <datafield tag="650" ind1="1" ind2="7">
   <subfield code="a">Apomixis.</subfield>
   <subfield code="2">agrovoc</subfield>
  </datafield>
  <datafield tag="859" ind1=" " ind2=" ">
   <subfield code="a">AR-BaUNS</subfield>
   <subfield code="b">BIB. CENTRAL - Sector A</subfield>
   <subfield code="h">633.2</subfield>
   <subfield code="i">Sa58</subfield>
   <subfield code="p">128771/024</subfield>
  </datafield>
 </record>
</collection>
